| 000 | nam a22 4500 | ||
|---|---|---|---|
| 999 |
_c9091 _d9091 |
||
| 008 | 180410b ||||| |||| 00| 0 eng d | ||
| 100 |
_927244 _aPadin, Mary Grace C. |
||
| 245 |
_aMost Pinoys have fulfilling personal relationships/ _cMary Grace C. Padin |
||
| 260 |
_aPhilippines _bThe Philippine Star _cc2016 |
||
| 300 | _apage D-4. | ||
| 650 | 0 |
_927245 _aMan-Woman relationship. |
|
| 942 |
_2ddc _cPER |
||